00321nam a22001217a 450000500170000000800410001704100130005808200130007110000130008424500450009730000310014265000260017320240829062629.0240829b |||||||| |||| 00| 0 eng d aEnglish  a349 LAW  lEnglish  aThe Laws of South West Africa 1929-1935  bxlix, 677 pages; c25 cm.  aLegal practice bLaw